| 000 -LEADER |
| fixed length control field |
01067pab a2200157 454500 |
| 008 - FIXED-LENGTH DATA ELEMENTS--GENERAL INFORMATION |
| fixed length control field |
180718b1999 xxu||||| |||| 00| 0 eng d |
| 100 ## - MAIN ENTRY--PERSONAL NAME |
| Personal name |
Eichengreen, Barry |
| 245 ## - TITLE STATEMENT |
| Title |
Kicking the habit: moving from pegged rates to greater exchange rate flexibility |
| 260 ## - PUBLICATION, DISTRIBUTION, ETC. |
| Date of publication, distribution, etc. |
1999 |
| 300 ## - PHYSICAL DESCRIPTION |
| Extent |
p.C-1-14 |
| 362 ## - DATES OF PUBLICATION AND/OR SEQUENTIAL DESIGNATION |
| Dates of publication and/or sequential designation |
Mar |
| 520 ## - SUMMARY, ETC. |
| Summary, etc. |
Why do governments find it so difficult to move from pegged exchangte rates to greater exchange rate flexibility? I first establish that there is a problem to be solved: that there are powerful incentives for greater flexibility deriving from changes in the international economic and financial environment but that policymakers find it difficult to engineer a smooth transition. I offer practical suggestions and a framework under which the probability of a smooth transition can be maximised. Drawing examples from recent economic history, I then attempt to understand the experience of selected countries which have undertaken this transition. - Reproduced |
| 650 ## - SUBJECT ADDED ENTRY--TOPICAL TERM |
| Topical term or geographic name entry element |
Exchange rates |
| 773 ## - HOST ITEM ENTRY |
| Main entry heading |
Economic Journal |
| 909 ## - |
| -- |
40662 |